000 00607nam a2200229Ia 4500
003 OSt
005 20220924153329.0
006 a|||||r|||| 00| 0
007 ta
008 220923b |||||||| |||| 00| 0 guj d
024 _a347912
037 _cTextual
040 _aARTS
_cARTS
_bguj
041 _2guj
_aguj
082 _aO156,3M871,33, J7
100 _aKanhiyalal Manyaklal Munshi
_9228542
245 0 _aLobamahshrini
260 _c1957
650 _aGUJRATI LITERATURE
942 _hO156,3M871,33, J7
_cTEXL
_2CC
999 _c473177
_d473177